Transformed 'IN' Words Quiz Stats

Quiz Updated Nov 14, 2014

Also try: IUM Words
Challenge
Share
Tweet
Embed
Score 0/18 Timer 04:00
0 Plays Today
Definition with 'IN' Word % Correct
Harm or damageIN + JURY
95.3%
Put money into financial schemes, shares, property, or a commercial venture with the expectation of achieving a profitIN + VEST
94.6%
A student or trainee who works, sometimes without pay, in order to gain work experience or satisfy requirements for a qualificationIN + TERN
92.6%
A small arthropod animal that has six legs and generally one or two pairs of wingsIN + SECT
89%
Give someone facts or information; tellIN + FORM
88.8%
A small arm of the sea, a lake, or a riverIN + LET
87.5%
Create or design something that has not existed beforeIN + VENT
87.1%
Not belonging or affiliated to a major record or film companyIN + DIE
80.3%
A slope, especially on a road or railwayIN + CLINE
80%
Definition with 'IN' Word % Correct
Money received, especially on a regular basis, for work or through investmentsIN + COME
71.1%
Opposite or contrary in position, direction, order, or effectIN + VERSE
70.2%
Marking words or a design with a colored fluid or paste used for writing, drawing, printing, or duplicatingIN + KING
65.6%
Fill someone with the urge or ability to do or feel somethingIN + SPIRE
65.4%
Secure or protect someone against a possible contingencyIN + SURE
63.9%
Directed or proceeding from the inside; coming in from outsideIN + WARD
52.9%
Not damaged or impaired in any way; completeIN + TACT
49%
Place equipment or machinery in position ready for useIN + STALL
47.2%
Not physically or mentally strong, especially through age or illnessIN + FIRM
42.5%

You're not logged in!

Compare scores with friends on all Sporcle quizzes.
Sign Up with Email
OR
Log In

You Might Also Like...

Show Comments

Extras

Top Quizzes Today


Score Distribution

Your Account Isn't Verified!

In order to create a playlist on Sporcle, you need to verify the email address you used during registration. Go to your Sporcle Settings to finish the process.

Report this User

Report this user for behavior that violates our Community Guidelines.

Details: